Normal view
MARC view
Entry Personal Name
001 - CONTROL NUMBER
- control field: 40113
003 - CONTROL NUMBER IDENTIFIER
- control field: dpl
005 - DATE AND TIME OF LATEST TRANSACTION
- control field: 20120125100827.0
008 - FIXED-LENGTH DATA ELEMENTS
- fixed length control field: 120125|||a|||||| | ||| d
040 ## - CATALOGING SOURCE
- Original cataloging agency: dpl
- Transcribing agency: dpl
100 ## - HEADING--PERSONAL NAME
- Personal name: गुप्ता,बी.एस.
670 ## - SOURCE DATA FOUND
- Source citation: Work cat.: (dpl): गुप्ता,बी.एस., भूषण बी.एड.संयुक्त प्रवेश परीक्षा गाइडः, 2006-07
670 ## - SOURCE DATA FOUND
- Source citation: Work cat.: (dpl): गुप्ता,बी.एस., भूषण बी.एड.संयुक्त प्रवेश परीक्षा गाइडः, 2006-07
